Beatles Lyrics Quiz (Part 001) - Statistics

General Stats
  • This quiz has been taken 223 times
  • The average score is 78 of 141
Answer Stats
Answer % Correct
I
99%
a
94%
the
86%
And
73%
do,
72%
do
72%
it
72%
to
65%
is
63%
all
60%
it's
57%
say
53%
long
50%
been
48%
right
47%
Here
46%
here
46%
like
45%
that
45%
comes
42%
sun
42%
darling,
40%
Little
40%
feel
39%
since
39%
cold
38%
lonely
38%
winter
38%
years
34%
feels
33%
seems
33%
clear
25%
ice
24%
melting
24%
slowly
24%
faces
22%
smiles
21%
returning
20%
No matching quizzes found
Score Distribution
Percent of People with Each Score
Percentile by Number Answered
Your Score History
You have not taken this quiz